000 01177nam a2200325 i 4500
001 13120
003 ES-MaACL
005 20230906150511.0
007 t|
008 971210s1996 sp ||||1| spa d
020 _a84-7658-491-1
080 _a301.18
080 _a001.5
100 1 _aLuhmann, Niklas.
_974673
245 1 3 _aLa ciencia de la sociedad /
_cNiklas Luhmann ; traducción de Silvia Pappe, Brunhilde Erker y Luis Felipe Segura ; bajo la dirección de Javier Torres Nafarrete.
250 _a1ª ed. en español.
260 _aBarcelona :
_bAnthropos ;
_aMéxico :
_bUniversidad Iberoamericana,
_c1996.
300 _a516 p. ;
_c23 cm.
490 1 _aAutores, textos y temas. Ciencias sociales ;
_v10
650 4 _aSistemas sociales.
_917144
650 _aTeoría de sistemas.
_9172518
700 1 _aPappe, Silvia.
_988886
700 1 _aErker, Brunhilde.
_947401
700 1 _aSegura, Luis Felipe.
_9105211
700 1 _aTorres Nafarrate, Javier.
_9110992
710 2 _aUniversidad Iberoamericana (México)
_97382
830 0 _aAutores, textos y temas. Ciencias sociales ;
_v10
_9178372
852 _aES-MaACL
_jL-20450
_bR.125800
999 _c13120
_d13120